000 00907nas a2200301 4500
001 BR9701379
003 BR-BrBNA
005 20231205100032.0
007 ta
008 230509b bl.|||p| |||| 00| 00por d
040 _aBR-BrBNA
_bpor
_cBiblioteca Nacional de Agricultura
041 _a(Pt)
072 _aQ02
100 1 _aDomarco, R.E.
100 1 _aWalder, J.M.M.
100 1 _aSpoto, M.H.F.
100 1 _aBlumer, L.
100 1 _aMatraia, C.
245 1 _aInibicao do amadurecimento de bananas por radiacao gama: aspectos fisicos, quimicos e sensoriais
650 _aBanana
650 _aPos-Colheita
650 _aIrradiacao
650 _aMaturacao Artificial
650 _aAnalise Quimica
773 0 _tCiencia e Tecnologia de Alimentos (Brazil)
_xISSN 0101-2061
_g(Jul-Sep 1996), v. 16(2) p. 137-142
_wBR9701379
909 _a202311
_bLúcia
_c55
_dLúcia Elande
942 _2AGRIS
_n0
_cANA
999 _c154035
_d154035